| 000 | 00000nam##2200000za#4500 |
| 001 | 9.615715 |
| 003 | CaOODSP |
| 005 | 20210615101244 |
| 007 | ta |
| 008 | 150406|2001||||xxc||||| f|0| 0 eng|d |
| 020 | |a0-662-30858-1 |
| 040 | |aCaOODSP|beng |
| 043 | |an-cn--- |
| 086 | 1 |aNH18-24/25E |
| 110 | 2 |aCanada Mortgage and Housing Corporation. |
| 245 | 10|aCarbon monoxide |
| 260 | |aOttawa - Ontario : |bCanada Mortgage and Housing Corporation |c2001. |
| 300 | |a4p. ; |c28 cm. |
| 490 | 1 |aAbout your house |vCE25 |
| 563 | |aPamphlet |
| 590 | |a01-29|b2001-07-20 |
| 775 | 08|tLe monoxide de carbone |w(CaOODSP)9.625741 |
| 776 | 0#|tCarbon monoxide |w(CaOODSP)9.571799 |
| 830 | #0|aAbout your house ;|vCE25|w(CaOODSP)9.514828 |